00946nam a2200265Ia 450000500170000000800410001702000150005808200180007310000350009124500640012625000370019030000430022749000310027050400290030160000500033065000360038065000360041665000360045270000350048826400340052333600270055733700330058433800280061704000350064520220317000701.0160601s2005 ck a g 000 0 spa  a958301310204a927.82 bC78p1 aPatiño, Jairo Enriqued1976-10aCelia Cruz btoda la vida carnaval cJairo Enrique Patiño a1a edición b1a reimpresión  a105 páginas bilustraciones c22 cm  a100 personajes 100 autores aIncluye bibliografía 14aCruz, Celiad1925-2003xHomenajes póstumos 142LEMBaMúsicos vBiografías 142LEMBaCantantes vBiografías 142LEMBaMúsica bailable cubana  aFonseca Leal, Mireya eeditor  aBogotá bPanamericanac2005 atextobtxt2rdacontent asin mediaciónbn2rdamedia avolumenbnc2rdacarrier aCO-BoRNBPbspaerdacCO-BoRNBP